Literature - British | 2 | 0 | 0 | 0 | 30 | 53 | 53.00 | 1 | 1 |
RMP - Philosophy | 0 | 2 | 0 | 0 | 20 | 91 | 109.50 | 0 | 0 |
Fine Arts - Painting | 1 | 0 | 0 | 0 | 15 | 55 | 55.00 | 0 | 1 |
RMP - Greco-Roman Mythology | 1 | 0 | 0 | 0 | 15 | 33 | 33.00 | 0 | 1 |
Literature - European | 1 | 0 | 0 | 0 | 15 | 63 | 63.00 | 0 | 0 |
History - World | 0 | 1 | 0 | 0 | 10 | 116 | 116.00 | 0 | 0 |
Literature - World and Miscellaneous | 0 | 1 | 0 | 0 | 10 | 122 | 122.00 | 0 | 0 |
RMP - Christian Practice | 0 | 1 | 0 | 0 | 10 | 112 | 112.00 | 0 | 0 |
RMP - East Asian Religion | 0 | 1 | 0 | 0 | 10 | 114 | 114.00 | 0 | 0 |
RMP - Jewish Practice | 0 | 1 | 0 | 0 | 10 | 127 | 127.00 | 0 | 0 |
Fine Arts - Miscellaneous | 0 | 1 | 0 | 0 | 10 | 80 | 80.00 | 0 | 0 |
Fine Arts - Music | 0 | 1 | 0 | 0 | 10 | 98 | 98.00 | 0 | 0 |
Geography - Europe | 0 | 1 | 0 | 0 | 10 | 134 | 134.00 | 0 | 0 |
Geography - World | 0 | 1 | 0 | 0 | 10 | 120 | 120.00 | 0 | 0 |
History - European | 0 | 1 | 0 | 0 | 10 | 110 | 110.00 | 0 | 0 |
Fine Arts - Sculpture | 0 | 0 | 0 | 0 | 0 | | 0.00 | 0 | 0 |
Science - Biology | 0 | 0 | 0 | 0 | 0 | | 0.00 | 0 | 0 |